Piosenki zespołu Pectus - nagła śmierć - Statystyki

Ogólne statystyki
  • Ten quiz został rozwiązany 32 razy
  • Średni wynik to 5 z 8
Answers on the Grid
Answers color-coded by a green-red scale on the quiz's grid according to % correct below.
Jeden moment
Parostatek
Bohema
Za każdą chwilę z Tobą
Real Madryt
Barcelona
Wszystko ma swój czas
Nie płacz Ewka
Oceany
Wehikuł czasu
Głowę noś do góry
Kryzysowa narzeczona
Ona jest ze snu
To co chciałbym Ci dać
Bałkanica
Przekorny los
Barraquito
Sen o Victorii
Whisky
Szkoła marzeń
Na zawsze i na wieczność
Baśka
Przejazdem
Wymarzona
 
Statystyki odpowiedzi
Odpowiedź % Poprawnych
Barcelona
96%
Jeden moment
83%
To co chciałbym Ci dać
58%
Barraquito
54%
Głowę noś do góry
50%
Przejazdem
50%
Szkoła marzeń
50%
Oceany
42%
Nie znaleziono quizów pasujących do podanych kryteriów
Rozkład punktacji
Procent ludzi z każdym wynikiem
Percentyl według liczby udzielonych odpowiedzi
Twoja historia wyników
Nie rozwiązałeś tego quizu